000 00389nam a2200157Ia 4500
008 151213s9999 xx 000 0 und d
020 _a571063489
100 _aMichal Robert
245 _aThe Faber Book of Modern Verse
_cMichal Robert
260 _aLondon
_bFeber & Feber
_c1936
300 _a4526 p.
650 _aEnglish
650 _aVerse
700 _aMichal Robert
999 _c2901
_d2901